<The> NAFTA: Another Futile Trade Area (AFTA) or a Serious Approach Towards Regionalism?

Gespeichert in:
Bibliographische Detailangaben
1. Verfasser: Langhammer, Rolf J.
Format: Buch
Sprache:Englisch
Veröffentlicht: Kiel Institut für Weltwirtschaft 1992
Ausgabe:1. ed.
Schriftenreihe:Kiel Discussion Papers 195
Schlagworte:
Tags: Tag hinzufügen
Keine Tags, Fügen Sie das erste Tag hinzu!

MARC

LEADER 00000nam a2200000 4500
001 c010697
005 20221206083408.9
020 |a 3-89456-035-5 
041 0 |a eng 
044 |a DE 
245 1 0 |a <The> NAFTA: Another Futile Trade Area (AFTA) or a Serious Approach Towards Regionalism?  |c Rolf J. Langhammer 
250 |a 1. ed. 
264 1 |a Kiel  |b Institut für Weltwirtschaft  |c 1992 
300 |a 24 s. 
490 1 |a Kiel Discussion Papers  |v 195 
830 0 |a Kiel Discussion Papers  |v 195 
610 2 0 |a obchod voľný 
610 2 0 |a oblasti obchodu voľného 
610 2 0 |a obchod medzinárodný 
610 2 0 |a USA 
610 2 0 |a Ázia 
610 2 0 |a NAFTA 
610 2 0 |a AFTA 
100 1 |a Langhammer, Rolf J.